| 000 | 00686nam a2200217 i 4500 | ||
|---|---|---|---|
| 001 | 147151 | ||
| 003 | ES-MaACL | ||
| 005 | 20250814054352.0 | ||
| 007 | t| | ||
| 008 | 070921s1932 sp ||||1| spa d | ||
| 100 | 1 |
_aTusquets i Terrats, Joan ( _d1901-1998) _9138831 |
|
| 245 | 1 | 0 |
_aOrígenes de la revolución española / _cJuan Tusquets ; prólogo de C. Montserrat. |
| 250 | _a3ª ed. | ||
| 260 |
_aBarcelona : _bVilamala, _c1932. |
||
| 300 |
_a216 p.. [7] h. de lám. ; _c19 cm. |
||
| 610 | 2 | 4 |
_aMasonería _95658 |
| 651 | 4 |
_aEspaña- _xHistoria- _yS.XX. _9138832 |
|
| 700 | 0 |
_aMontserrat, César de. _982735 |
|
| 852 |
_aES-MaACL _jF-13966 |
||
| 999 |
_c147151 _d147151 |
||